[Event "IM"]
[Site "Dubna RUS"]
[Date "2007.08.08"]
[Round "12"]
[White "Liassota,E"]
[Black "Rozanov,P"]
[Result "1/2-1/2"]
[WhiteElo "2241"]
[BlackElo "2201"]

1.e4 c5 2.c3 Nf6 3.e5 Nd5 4.d4 cxd4 5.Nf3 e6 6.cxd4 b6 7.Nc3 Nxc3 8.bxc3 Qc7
9.Bd2 d6 10.Bd3 Nd7 11.O-O dxe5 12.Ng5 Bb7 13.Qh5 g6 14.Qh3 e4 15.Nxe4 Bg7
16.Rac1 O-O 17.Bh6 Bxe4 18.Bxe4 Rac8 19.Bd3 e5 20.Bb5 Bxh6 21.Qxh6 exd4 22.cxd4 Qd6
23.Qh3 Rxc1 24.Rxc1 Nf6 25.Qd3 Rd8 26.Rd1 Kg7 27.g3 Nd5 28.Bc4 Nf6 29.Bb3 Rd7
30.d5 Rc7 31.Qf3 h5 32.Ba4 Rc5 33.Bc6 b5 34.h3 b4  1/2-1/2

[Event "94th ch-GBR"]
[Site "Great Yarmouth ENG"]
[Date "2007.08.08"]
[Round "9"]
[White "Lyell,M"]
[Black "Kwiatkowski,F"]
[Result "1/2-1/2"]
[WhiteElo "2187"]
[BlackElo "2255"]

1.e4 c5 2.c3 Nf6 3.e5 Nd5 4.d4 cxd4 5.Nf3 Nc6 6.cxd4 d6 7.Bc4 Nb6 8.Bb3 dxe5
9.d5 Na5 10.Nc3 Nxb3 11.Qxb3 e6 12.Nxe5 exd5 13.Be3 Bd6 14.Qb5+ Kf8 15.Nf3 Be6
16.O-O Nc4 17.Bd4 Qd7 18.Rfd1 Qxb5 19.Nxb5 a6 20.Nxd6 Nxd6 21.Rac1 h6 22.Rc7 Kg8
23.Be5 Nc4 24.b3 Nxe5 25.Nxe5 b5 26.f3 g6 27.Kf2 Kg7 28.Ke3 Rhc8 29.Rdc1 Rxc7
30.Rxc7 Rc8 31.Rxc8 Bxc8 32.Kd4 Be6 33.Nc6 Kf6 34.Nb4 Bc8 35.Nxd5+ Ke6 36.Kc5 Ke5
37.Nc7 Kf4 38.Kd4 Bb7 39.b4 g5 40.Nd5+ Bxd5 41.Kxd5 Ke3 42.Kc5 Kf2 43.Kb6 Kxg2
44.Kxa6 Kxh2 45.Kxb5 f5 46.Kc6 g4  1/2-1/2

[Event "94th ch-GBR"]
[Site "Great Yarmouth ENG"]
[Date "2007.08.08"]
[Round "9"]
[White "Howell,D"]
[Black "Aagaard,J"]
[Result "0-1"]
[WhiteElo "2519"]
[BlackElo "2467"]

1.e4 c5 2.c3 Nf6 3.e5 Nd5 4.Nf3 e6 5.Bc4 d6 6.d4 cxd4 7.cxd4 Nc6 8.O-O Be7
9.a3 O-O 10.Re1 Bd7 11.Nbd2 Rc8 12.b4 b5 13.Bxd5 exd5 14.Nb3 Bg4 15.h3 Bh5
16.Bf4 dxe5 17.dxe5 a5 18.bxa5 Nxa5 19.Nbd4 Bc5 20.g4 Bg6 21.Nxb5 Qb6 22.Nbd4 Nc4
23.a4 Nb2 24.Qd2 Bxd4 25.Nxd4 Nd3 26.Nf5 Bxf5 27.gxf5 Nxe1 28.Rxe1 Qb3 29.Bg3 Qc3
30.Qe2 Rc4 31.Rd1 Re4 32.Qf1 Qf3 33.Rxd5 Rxa4 34.Qd1 Ra1 35.Qxa1 Qxd5 36.Qc1 Rd8
37.Kh2 h6 38.f6 Qf3 39.fxg7 Kxg7 40.Qc4 h5 41.Qf1 Rd1 42.Qg2 Qxg2+ 43.Kxg2 Kg6
44.h4 Kf5 45.f3 Rd2+ 46.Kf1 Ra2 47.Kg1 Re2 48.Kf1 Rxe5 49.Kf2 Ra5 50.Ke3 Ra3+
51.Kf2 Rb3 52.Bc7 Rb4 53.Kg3 Rc4 54.Bd6 Ke6 55.Bf4 Kd5 56.Bb8 Rc8 57.Bf4 Rg8+
58.Kf2 Kd4 59.Bg5 Kd3 60.Bh6 Ra8 61.Bg5 Ra4 62.Kf1 f5 63.Kg2 f4 64.Bh6 Ke3
65.Bg5 Ra2+ 66.Kh3 Ra8 67.Kg2 Rg8  0-1

[Event "UTwente YM"]
[Site "Hengelo NED"]
[Date "2007.08.08"]
[Round "4"]
[White "Van Oosterom,C"]
[Black "Iljin,A"]
[Result "0-1"]
[WhiteElo "2358"]
[BlackElo "2569"]

1.e4 c5 2.c3 Nf6 3.e5 Nd5 4.Nf3 Nc6 5.Bc4 Nb6 6.Bb3 g6 7.d4 cxd4 8.Ng5 d5
9.exd6 e6 10.Qf3 Ne5 11.Qg3 Bg7 12.Ne4 Nc6 13.O-O O-O 14.Nbd2 Be5 15.f4 Bg7
16.Nf3 f5 17.Neg5 Qxd6 18.Rd1 Nd5 19.cxd4 Bd7 20.Ne5 Rac8 21.a3 Be8 22.Rd3 Nce7
23.Bd2 Rf6 24.Re1 h6 25.Nh3 Qb6 26.Qf2 a5 27.Bc4 Rf8 28.Rb3 Qa7 29.Bf1 Nf6
30.Bc4 Ned5 31.Bxd5 exd5 32.Be3 Ne4 33.Qe2 Ba4 34.Rb5 Bxb5 35.Qxb5 Qa6 36.Qxd5+ Kh7
37.Nd7 Rfd8 38.Qf7 Qd6 39.Ne5 Rc7 40.Qb3 Rdc8 41.Nf2 Nxf2 42.Bxf2 Rc1 43.Qe3 Rxe1+
44.Bxe1 Rc2 45.Bc3 Qd5 46.Nf3 Qe4 47.Qxe4 fxe4 48.Ne1 Rc1 49.Kf2 b5 50.Ke3 Bf8
51.Kd2 Rb1 52.Bxa5 Rxb2+ 53.Nc2 Bxa3 54.Kc3 b4+ 55.Nxb4 Bxb4+ 56.Bxb4 Rxg2
57.d5 Rxh2 58.Kd4 Kg8 59.d6 Rb2 60.Bc5 Kf7 61.Kd5 Rd2+ 62.Kxe4 Ke6  0-1

[Event "Tsiolkovsky Mem"]
[Site "Kaluga RUS"]
[Date "2007.08.08"]
[Round "6"]
[White "Voitsekhovsky,S"]
[Black "Amonatov,F"]
[Result "1/2-1/2"]
[WhiteElo "2506"]
[BlackElo "2598"]

1.e4 c5 2.c3 Nf6 3.e5 Nd5 4.Nf3 Nc6 5.d4 cxd4 6.Bc4 Nb6 7.Bb3 d6 8.exd6 Qxd6
9.O-O Bf5 10.Nxd4 Nxd4 11.cxd4 e6 12.Nc3 Be7 13.Qf3 Qd7 14.d5 O-O 15.dxe6 Bxe6
16.Rd1 Qc6 17.Qxc6 bxc6 18.Bxe6 fxe6 19.Ne4 Bf6 20.Nxf6+ gxf6 21.Be3 Nd5
22.Rac1 Rfc8 23.Rc4 a5 24.b3 Kf7 25.Rdc1 Nb4 26.a3 Nd5 27.Bd2 Rcb8 28.b4 axb4
29.Bxb4 Rb6 30.g3 Raa6 31.Bc5 Rb2 32.Bd6 Rbb6 33.Bc5 Rb7 34.Bb4 Rc7 35.Rc5 Ke8
36.R1c4 Kd7 37.Rh4 Kc8 38.Rhc4 Kb7 39.Ba5 Rg7 40.Kf1 Rg5 41.Bb4 Rb6 42.Re4 e5
43.Rec4 Rg7 44.Rc1 Rd7 45.Ba5 Rb5 46.Rxb5+ cxb5 47.Ke2 Ne7 48.Rc5 Ka6 49.Bd2 Kb6
50.Be3 Ka5 51.g4 Nd5 52.Bd2+ Ka4 53.h4 Nc7 54.Bc1 Ne6 55.Rc8 Kb3 56.Ke3 Rd4
57.Kf3 h5 58.gxh5 Rxh4 59.h6 Nd4+ 60.Kg2 f5 61.Rc5 Rg4+ 62.Kh3 Ne2 63.h7 Ng1+
64.Kh2 Nf3+  1/2-1/2

[Event "Valoz Cup GMA"]
[Site "Olomouc CZE"]
[Date "2007.08.08"]
[Round "10"]
[White "Can,E"]
[Black "Zawadzka,J"]
[Result "1/2-1/2"]
[WhiteElo "2411"]
[BlackElo "2354"]

1.e4 c5 2.c3 Nf6 3.e5 Nd5 4.d4 cxd4 5.Nf3 Nc6 6.cxd4 e6 7.Bc4 d6 8.O-O Be7
9.Qe2 O-O 10.Nc3 dxe5 11.dxe5 Nxc3 12.bxc3 Qa5 13.Qe4 Rd8 14.Bg5 h6 15.Bxe7 Nxe7
16.Rab1 Rb8 17.Rfd1 Bd7 18.Rxb7  1/2-1/2

[Event "ch-Euro Rapid Women"]
[Site "Predeal ROM"]
[Date "2007.08.08"]
[Round "1"]
[White "Vajda,S"]
[Black "Partac,E"]
[Result "1/2-1/2"]
[WhiteElo "2410"]
[BlackElo "2110"]

1.e4 c5 2.c3 Nf6 3.e5 Nd5 4.d4 cxd4 5.Nf3 e6 6.cxd4 Be7 7.Bc4 d6 8.O-O Nc6
9.Bxd5 exd5 10.Bf4 O-O 11.Nc3 Be6 12.h3 h6 13.Re1 dxe5 14.Nxe5 Nxe5 15.Bxe5 Bb4
16.Re3 Bxc3 17.Rxc3 Bf5 18.Qf3 Be4 19.Qg4 Bg6 20.Rc7 Rc8 21.Rxb7 Rc2 22.Rxa7 Qb6
23.Rd7 Qxb2 24.Rf1 Qxa2 25.h4 h5 26.Qf3 Rfc8 27.Qxd5 Qa6 28.Rd8+ Rxd8 29.Qxd8+ Kh7
30.Qd6 Qe2 31.Bg3 Rd2 32.Ra1 Qe4 33.Qf4 Qxf4 34.Bxf4 Rxd4 35.g3 Rc4  1/2-1/2

[Event "HZ Open"]
[Site "Vlissingen NED"]
[Date "2007.08.08"]
[Round "6"]
[White "Sprangers,R"]
[Black "Ten Hagen,Y"]
[Result "1-0"]
[WhiteElo "2191"]
[BlackElo "2093"]

1.e4 c5 2.c3 Nf6 3.e5 Nd5 4.d4 cxd4 5.Nf3 Nc6 6.Bc4 Nb6 7.Bb3 d5 8.exd6 Qxd6
9.O-O Bf5 10.cxd4 e6 11.Nc3 a6 12.Be3 Rd8 13.d5 Nxd5 14.Nxd5 exd5 15.Bb6 Rd7
16.Rc1 Be7 17.Ba4 O-O 18.Bxc6 bxc6 19.Nd4 Be4 20.f3 Bg6 21.Bc5 Qxc5 22.Rxc5 Bxc5
23.Kh1 Rc8 24.f4 Bxd4 25.Qxd4 c5 26.Qe5 Rdd8 27.f5 f6 28.Qf4 Bf7 29.g4 h6
30.h4 Re8 31.g5 Re4 32.Qg3 h5 33.Rf4 Rxf4 34.Qxf4 d4 35.Qg3 Kh8 36.Qd6 fxg5
37.Qd7 Rf8 38.hxg5 Bxa2 39.f6 gxf6 40.g6 Bf7 41.Qf5 Kg7 42.gxf7 Rxf7 43.Qxc5 d3
44.Qd5 Re7 45.Qxd3 a5 46.Kg2 Re5 47.Kh3 Rg5 48.Kh4 Kf7 49.Qd7+ Kg6 50.Qe8+ Kg7
51.Qe7+ Kg6 52.Qf8 Rg4+ 53.Kh3 Rg5 54.Qg8+ Kf5 55.Qf7 Ke5 56.Qd7 Rf5 57.Qc6 Rg5
58.Kh4 Kf5 59.Qe8 Kf4 60.Qe6 Rf5 61.b3 Re5 62.Qxf6+ Ke4 63.Qd6 Rd5 64.Qc6 Kd4
65.Qc4+ Ke5 66.Kxh5 Kd6+ 67.Kg6 Rc5 68.Qa4 Kc7 69.Kf6 Kb6 70.Ke6 Rb5 71.Kd6 Rg5
72.Qd4+ Kb7 73.Qe4+ Ka6 74.Qe2+ Kb7 75.Qe7+  1-0

[Event "94th ch-GBR"]
[Site "Great Yarmouth ENG"]
[Date "2007.08.09"]
[Round "10"]
[White "Spence,D"]
[Black "Zhou,Y"]
[Result "1-0"]
[WhiteElo "2183"]
[BlackElo "2069"]

1.e4 c5 2.c3 Nf6 3.e5 Nd5 4.d4 cxd4 5.cxd4 e6 6.Nf3 d6 7.Bc4 Nc6 8.O-O Be7
9.Qe2 O-O 10.exd6 Qxd6 11.Nc3 Nf6 12.Rd1 Nb4 13.Ne5 Nbd5 14.Bd3 Bd7 15.Qf3 Nxc3
16.bxc3 Ba4 17.Re1 Qd5 18.Qh3 g6 19.Bc4 Qd6 20.Bh6 b5 21.Bxf8 Rxf8 22.Bb3 Bxb3
23.axb3 Qb6 24.Rad1 Rd8 25.Qf3 Kg7 26.Nc6 Rd7 27.Nxe7 Rxe7 28.d5 Qd6 29.Qe2 e5
30.Qxb5 e4 31.h3 Re5 32.Qc6 Qxc6 33.dxc6 Rc5 34.c4 Rxc6 35.Rc1 Rb6 36.Rc3 a6
37.c5 Rc6 38.Rd1 Ne8 39.b4 Kf6 40.f3 exf3 41.Rxf3+ Ke7 42.Re3+ Re6 43.Rxe6+ fxe6
44.Kf2 Nc7 45.Rd6 Nd5 46.Rxa6 Nxb4 47.Rd6 Nd5 48.Kf3 Nc3 49.Ke3 g5 50.Kd3 Nd5
51.g3 h5 52.Kd4 h4 53.Ke5  1-0

[Event "FSGM August"]
[Site "Budapest HUN"]
[Date "2007.08.10"]
[Round "5"]
[White "Vajda,L"]
[Black "Lapshun,Y"]
[Result "1-0"]
[WhiteElo "2547"]
[BlackElo "2479"]

1.e4 c5 2.c3 Nf6 3.e5 Nd5 4.d4 cxd4 5.Nf3 Nc6 6.cxd4 d6 7.Bc4 e6 8.O-O Be7
9.Qe2 O-O 10.Nc3 dxe5 11.dxe5 Nxc3 12.bxc3 Qa5 13.Bd2 Rd8 14.Rfe1 b6 15.a4 Bb7
16.h4 Rd7 17.Ra2 Rad8 18.Rc1 a6 19.h5 Nb8 20.Bf4 Bd5 21.Nd2 Rc7 22.h6 g6
23.Bxd5 Qxd5 24.Ne4 Rc4 25.Nf6+ Bxf6 26.Rd2 Re4 27.Qf1 Qc4 28.exf6 Rxd2 29.Bxd2 Nd7
30.Be3 Nxf6 31.Qd1 Qc7 32.Qd3 Rxa4 33.c4 Kf8 34.Qb3 Qc6 35.Qc3 Nd7 36.Qh8+ Ke7
37.Bg5+ Kd6 38.Rd1+  1-0

[Event "Arctic Chess Challenge"]
[Site "Tromso NOR"]
[Date "2007.08.10"]
[Round "7"]
[White "Pedersen,O"]
[Black "Edvardsen,I"]
[Result "1-0"]
[WhiteElo "2097"]
[BlackElo "1964"]

1.e4 c5 2.c3 Nf6 3.e5 Nd5 4.d4 cxd4 5.cxd4 Nc6 6.Nf3 e6 7.Nc3 Nb6 8.Bd3 Be7
9.O-O O-O 10.Bf4 d6 11.Rc1 dxe5 12.dxe5 a6 13.Qe2 f5 14.exf6 Bxf6 15.Rfd1 Qe7
16.Bd6 Qf7 17.Bxf8 Qxf8 18.Ne4 Bd8 19.Neg5 h6 20.Nxe6 Bxe6 21.Qxe6+ Kh8 22.Rxc6 bxc6
23.Ne5  1-0

[Event "ch-SLO"]
[Site "Ljubljana SLO"]
[Date "2007.08.11"]
[Round "1"]
[White "Gombac,Jan"]
[Black "Borisek,J"]
[Result "0-1"]
[WhiteElo "2290"]
[BlackElo "2506"]

1.e4 c5 2.c3 Nf6 3.e5 Nd5 4.Nf3 Nc6 5.Bc4 Nb6 6.Bb3 d5 7.exd6 Qxd6 8.Na3 a6
9.d4 cxd4 10.cxd4 Be6 11.O-O Bd5 12.Ne5 e6 13.Be3 Be7 14.Qg4 O-O 15.Nxc6 Qxc6
16.Rac1 Qd7 17.Nc4 Nxc4 18.Bxc4 Rfc8 19.Qe2 b5 20.Bxd5 Qxd5 21.b3 Ba3 22.Rxc8+ Rxc8
23.Rd1 Qf5 24.h3 h5 25.Qd3 Qxd3 26.Rxd3 Rc2 27.Rd2 Rc1+ 28.Kh2 Bd6+ 29.g3 h4
30.Kg2 hxg3 31.fxg3 Rc3 32.Bf2 f5 33.Re2 Kf7 34.Be1 Rd3 35.Rd2 Re3 36.Bf2 Rc3
37.Re2 g5 38.Be1 Rd3 39.Rd2 Re3 40.Bf2 Rc3 41.Rb2 f4 42.gxf4 gxf4 43.Be1 Rd3
44.Rd2 Re3 45.Rd1 Kg6 46.Bf2 Rc3 47.h4 Kf5 48.h5 f3+ 49.Kf1 Bf4 50.d5 exd5
51.Rxd5+ Kg4 52.Rd4 Kf5 53.Ke1 Rc1+ 54.Rd1 Rc2 55.Rd5+ Kg4 56.Rd4 Rxa2 57.b4 Ra1+
58.Rd1 Rxd1+ 59.Kxd1 Kxh5 60.Ke1 Kg4 61.Bc5 Kf5 62.Kf2 Ke4 63.Bf8 Be3+ 64.Kg3 Bd2
65.Kf2 a5  0-1

[Event "12th WY U16 Ol"]
[Site "Singapore SIN"]
[Date "2007.08.11"]
[Round "9"]
[White "Khandelwal,A"]
[Black "Yilmaz,M"]
[Result "0-1"]
[WhiteElo "2119"]
[BlackElo "2204"]

1.e4 c5 2.c3 Nf6 3.e5 Nd5 4.d4 cxd4 5.cxd4 Nc6 6.Nf3 d6 7.Be2 Bg4 8.O-O e6
9.Re1 Be7 10.exd6 Qxd6 11.Nbd2 O-O 12.Nc4 Qc7 13.Nce5 Nxe5 14.dxe5 Rfd8 15.Qd4 Bf5
16.Bg5 Bxg5 17.Nxg5 h6 18.Ne4 Bxe4 19.Qxe4 Qb6 20.Bd3 g6 21.h4 Nb4 22.Bb1 Rd4
23.Qf3 Rxh4 24.Qg3 Rh5 25.Be4 Nc6 26.Re3 Qxb2 27.Rb1 Qxe5 28.Rxb7 Qxg3 29.fxg3 Re5
30.Kf2 Rc8 31.Bxc6 Rxe3 32.Kxe3 Rxc6 33.Rxa7 Rc3+ 34.Kf2 h5 35.a4 Ra3 36.a5 Kg7
37.a6 Kf6 38.Ra8 Kf5 39.Ra7 f6 40.Ra8 e5 41.a7 g5 42.Ke2 Kg4 43.Kf2 f5 44.Kf1 Ra2
45.Ke1 Kxg3  0-1

[Event "HZ Open"]
[Site "Vlissingen NED"]
[Date "2007.08.11"]
[Round "9"]
[White "Shrentzel,M"]
[Black "Ducarmon,Q"]
[Result "1/2-1/2"]
[WhiteElo "2322"]
[BlackElo "2033"]

1.e4 c5 2.c3 Nf6 3.e5 Nd5 4.d4 cxd4 5.Nf3 e6 6.cxd4 b6 7.Bd3 Ba6 8.Bxa6 Nxa6
9.O-O Be7 10.Nc3 Nxc3 11.bxc3 O-O 12.Qd3 Nc7 13.c4 d5 14.exd6 Qxd6 15.g3 Ne8
16.Bf4 Qd8 17.Rfd1 Nf6 18.Ne5 Bd6 19.Qf3 Qc7 20.Rac1 Rac8 21.Re1 Nd7 22.Nxd7 Qxd7
23.Be3 Ba3 24.Rc2 Qa4 25.Qe2 Be7 26.Qd3 Rfd8 27.Qb3 Qa5 28.Rec1 Bf6 29.c5 bxc5
30.dxc5 Rc6 31.Qb7 Rdc8 32.Rb1 h5 33.h4 Qa4 34.Rd1 Qg4 35.Rd6 R6c7 36.Qb5 Qf5
37.Rc1 Qf3 38.Rd7 Be5 39.Rxc7 Rxc7 40.Qd3 Qd5 41.Qxd5 exd5 42.c6 Bd6 43.Rd1 Rxc6
44.Rxd5 Ra6 45.Rxh5 Rxa2 46.Rd5 Bb4 47.Rd8+ Kh7 48.Rd7 Kg6 49.h5+ Kxh5 50.Rxf7 Kg6
51.Rxa7 Rxa7 52.Bxa7 Kf5 53.Kg2 g5  1/2-1/2

[Event "Tsiolkovsky Mem"]
[Site "Kaluga RUS"]
[Date "2007.08.12"]
[Round "9"]
[White "Provotorov,A"]
[Black "Kopyl,A"]
[Result "1/2-1/2"]
[WhiteElo "2375"]
[BlackElo "2221"]

1.e4 c5 2.c3 Nf6 3.e5 Nd5 4.d4 cxd4 5.Nf3 d6 6.cxd4 Nc6 7.Bc4 e6 8.O-O Be7
9.Qe2 h6 10.Rd1 a6 11.Nc3 Nxc3 12.bxc3 dxe5 13.Nxe5 Nxe5 14.Qxe5 Bf6 15.Qg3 Qa5
16.Bb3 h5 17.a4 h4 18.Qf3 Qh5 19.Qxh5 Rxh5 20.Be3 Bd7 21.c4 Rd8 22.Rab1 Bc6
23.h3 Kf8 24.Kf1 Be7 25.d5 exd5 26.cxd5 Bxd5 27.Bxd5 Rhxd5 28.Rxd5 Rxd5 29.Rxb7 Bc5
30.Bxc5+ Rxc5 31.Rb4 g5 32.Ke2 Rc2+ 33.Kf3 Ra2 34.Kg4 f6 35.g3 hxg3 36.fxg3 Kg7
37.h4 gxh4 38.gxh4 Ra1 39.Kf5 Rf1+ 40.Rf4 Rxf4+ 41.Kxf4 Kg6 42.a5 Kh5 43.Kf5 Kxh4
44.Kxf6 Kh5 45.Ke6  1/2-1/2

[Event "Open"]
[Site "Kavala GRE"]
[Date "2007.08.12"]
[Round "9"]
[White "Burtasova,A"]
[Black "Grigorov,G"]
[Result "1/2-1/2"]
[WhiteElo "2337"]
[BlackElo "2460"]

1.e4 c5 2.c3 Nf6 3.e5 Nd5 4.d4 cxd4 5.Nf3 Nc6 6.cxd4 d6 7.Bc4 Nb6 8.Bb5 dxe5
9.Nxe5 Bd7 10.Nxd7 Qxd7 11.Nc3 e6 12.O-O Be7 13.Qg4 O-O 14.Bxc6 bxc6 15.Bh6 Bf6
16.Rfd1 Kh8 17.Ne4 Qe7 18.Bg5 Bxg5 19.Nxg5 Rac8 20.Rac1 Nd5 21.Rc5 Rc7 22.a3 Rb8
23.b4 Rb5 24.Rdc1 Rxc5 25.Rxc5 Kg8 26.Nf3 Qd6 27.Qe4 f6  1/2-1/2

[Event "17th Chess Festival"]
[Site "Abu Dhabi UAE"]
[Date "2007.08.13"]
[Round "2"]
[White "Ibrahim,I UAE"]
[Black "Sergeeva,M"]
[Result "1-0"]
[WhiteElo "2165"]
[BlackElo "2328"]

1.e4 c5 2.c3 Nf6 3.e5 Nd5 4.d4 cxd4 5.Nf3 e6 6.cxd4 d6 7.Bc4 Nb6 8.Bd3 Bd7
9.O-O Bc6 10.Re1 N8d7 11.Nc3 dxe5 12.Nxe5 Nxe5 13.dxe5 Bb4 14.Qb3 Qxd3 15.Qxb4 Rd8
16.Bg5 Rd7 17.Rad1 Qf5 18.h4 f6 19.Be3 Rxd1 20.Rxd1 Qxe5 21.Bf4 Qf5 22.Qd6 Nd7
23.b4 e5 24.b5 Bxg2 25.Kxg2 exf4 26.f3 Kd8 27.Qb8+ Ke7 28.Qxh8 Qg6+ 29.Kf1 Nf8
30.Qg8  1-0

[Event "ch-Euro IBCA"]
[Site "Durham ENG"]
[Date "2007.08.14"]
[Round "1"]
[White "Iwancio,L"]
[Black "Krylov,Sergey"]
[Result "0-1"]
[WhiteElo "2009"]
[BlackElo "2409"]

1.e4 c5 2.c3 Nf6 3.e5 Nd5 4.d4 cxd4 5.cxd4 d6 6.Nf3 e6 7.Be2 Nc6 8.O-O dxe5
9.Nxe5 Nxe5 10.dxe5 Bd7 11.Bf3 Bc6 12.Bd2 Qc7 13.Re1 Rd8 14.Qe2 Be7 15.Nc3 O-O
16.Rac1 Nb4 17.Bxc6 bxc6 18.Nb5 Qb6 19.Bxb4 Bxb4 20.Nc3 Rd4 21.a3 Bxc3 22.Rxc3 Rfd8
23.Rc2 h6 24.h3 c5 25.Rec1 R8d5 26.Qe3 Qb5 27.Qe2 Qb6 28.Qe3 Qc7 29.b4 c4
30.Qe2 Rxe5 31.Rxc4 Rxc4 32.Qxc4 Re1+  0-1

[Event "17th Chess Festival"]
[Site "Abu Dhabi UAE"]
[Date "2007.08.15"]
[Round "4"]
[White "Ghader Pour,S"]
[Black "Sergeeva,M"]
[Result "0-1"]
[WhiteElo "2190"]
[BlackElo "2328"]

1.e4 c5 2.c3 Nf6 3.e5 Nd5 4.d4 cxd4 5.cxd4 e6 6.Nf3 d6 7.Bc4 Nb6 8.Bd3 Bd7
9.O-O Bc6 10.Qe2 N8d7 11.Bf4 Nd5 12.Bd2 dxe5 13.Nxe5 Nxe5 14.dxe5 Be7 15.Be4 Qc7
16.Bxd5 Bxd5 17.Rc1 Qd7 18.Qg4 Bc6 19.b4 Qd5 20.Qg3 Bh4 21.Qg4 h5 22.Qh3 Qd4
23.Be3 Qxa1 24.Nc3 Bxf2+ 25.Kxf2 Qb2+ 26.Kg1 Qxb4 27.Qg3 Qg4 28.Qf2 O-O 29.Ne2 Rac8
30.h3 Qf5 31.Qg3 Be4 32.Rf1 Qg6 33.Rf4 Rc2 34.Qxg6 Bxg6 35.Nd4 Rxa2 36.Nb5 Rc8  0-1

[Event "FSIMB August"]
[Site "Budapest HUN"]
[Date "2007.08.15"]
[Round "10"]
[White "Torma,R"]
[Black "Balog,M"]
[Result "1/2-1/2"]
[WhiteElo "2325"]
[BlackElo "2262"]

1.e4 c5 2.c3 Nf6 3.e5 Nd5 4.d4 cxd4 5.Nf3 e6 6.cxd4 d6 7.Bc4 Nb6 8.Bb3 Nc6
9.O-O dxe5 10.dxe5 Qxd1 11.Rxd1 Be7 12.Nc3 O-O 13.Be3 Nd7 14.Nb5 Bd8 15.Rac1 Bb6
16.Bxb6 Nxb6 17.Nd6 Rb8 18.Bc2 Nb4 19.Be4 N4d5 20.b3 Bd7 21.a4 Bc6 22.Nd4 Nd7
23.Nxc6 bxc6 24.Rxc6 Nxe5  1/2-1/2

[Event "Independence Cup A"]
[Site "Kyiv UKR"]
[Date "2007.08.15"]
[Round "3"]
[White "Kislinsky,A"]
[Black "Moiseev,Ig"]
[Result "0-1"]
[WhiteElo "2472"]
[BlackElo "2217"]

1.e4 c5 2.c3 Nf6 3.e5 Nd5 4.Nf3 e6 5.d4 cxd4 6.cxd4 b6 7.Nc3 Nxc3 8.bxc3 Bb7
9.Bd3 Qc7 10.Bd2 d6 11.O-O Nd7 12.Ng5 dxe5 13.Qh5 g6 14.Qh3 Be7 15.Rae1 Rc8
16.f4 Bxg5 17.fxg5 O-O 18.Rf6 Qd6 19.Qh4 exd4 20.cxd4 Nxf6 21.gxf6 Rfd8 22.Be3 Rc3
23.Bf1 Rc2 24.Qh6 Qf8 25.Qf4 Rd5 26.g4 Ra5 27.Bd3 g5 28.Qg3 Rg2+ 29.Qxg2 Bxg2
30.Kxg2 Rxa2+ 31.Bf2 Qd8  0-1

[Event "RC Sport Open"]
[Site "Ceska Trebova CZE"]
[Date "2007.08.16"]
[Round "8"]
[White "Jinova,L"]
[Black "Molnar,P SVK"]
[Result "0-1"]
[WhiteElo "2089"]
[BlackElo "2278"]

1.e4 c5 2.c3 Nf6 3.e5 Nd5 4.d4 cxd4 5.cxd4 e6 6.Nc3 Nxc3 7.bxc3 Qc7 8.Qc2 b6
9.Bd3 Bb7 10.f3 d6 11.Bf4 Nd7 12.exd6 Bxd6 13.Bxd6 Qxd6 14.Ne2 Nf6 15.O-O O-O
16.Ng3 Rac8 17.Rac1 Rc7 18.Ne4 Bxe4 19.fxe4 e5 20.dxe5 Qxe5 21.Rf5 Qe7 22.Qe2 g6
23.Rf4 Nd7 24.h4 Ne5 25.Bb1 Rfc8 26.Qe1 h5 27.Qg3 Ng4 28.Kh1 Rxc3 29.Rxc3 Rxc3
30.Qxc3 Qxh4+ 31.Kg1 Qh2+ 32.Kf1 Qxf4+ 33.Ke2 Qf2+ 34.Kd3 Qf1+ 35.Kc2 Qxg2+
36.Kb3 Qf1  0-1

[Event "ch-Euro IBCA"]
[Site "Durham ENG"]
[Date "2007.08.16"]
[Round "3"]
[White "Gunajew,R"]
[Black "Krylov,Sergey"]
[Result "1-0"]
[WhiteElo "2249"]
[BlackElo "2409"]

1.e4 c5 2.c3 Nf6 3.e5 Nd5 4.d4 cxd4 5.Qxd4 Nb6 6.Nf3 Nc6 7.Qe4 g6 8.g3 Bg7
9.Bg2 O-O 10.O-O d5 11.exd6 Qxd6 12.Qe2 Rd8 13.Nbd2 Bf5 14.Ne4 Qe6 15.Re1 Qc4
16.Bf4 Qxe2 17.Rxe2 Nc4 18.Ne1 Rac8 19.Rc1 h6 20.b3 N4e5 21.h3 b6 22.g4 Be6
23.Be3 Nd3 24.Nxd3 Rxd3 25.Rec2 Ne5 26.Kf1 f5 27.gxf5 gxf5 28.Ng3 Ng6 29.Ne2 Bf7
30.Nd4 Nh4 31.Bb7 Rf8 32.Ba6 Rxe3 33.fxe3 e5 34.Nc6 Kh7 35.Rd1 Be8 36.Nb4 Bg6
37.Rf2 e4 38.Nd5 Be5 39.Rc2  1-0

[Event "Spiltan Fonder IM"]
[Site "Gothenburg SWE"]
[Date "2007.08.18"]
[Round "8"]
[White "Vovk,I"]
[Black "Nithander,V"]
[Result "1-0"]
[WhiteElo "2304"]
[BlackElo "2357"]

1.e4 c5 2.c3 Nf6 3.e5 Nd5 4.Nf3 e6 5.Bc4 d6 6.exd6 Bxd6 7.d4 cxd4 8.Qxd4 O-O
9.O-O Nc6 10.Qe4 Na5 11.Bd3 f5 12.Qe2 Qc7 13.Na3 a6 14.Nc4 Nxc4 15.Bxc4 Bd7
16.Re1 Rae8 17.Bb3 Kh8 18.Ne5 Bxe5 19.Qxe5 Qxe5 20.Rxe5 Ne7 21.Re1 Ng6 22.Bg5 h6
23.Be3 e5 24.Rad1 Bc6 25.f3 f4 26.Bc5 Rf5 27.Bd5 Bxd5 28.Rxd5 Re6 29.Re4 b6
30.Rd8+ Kh7 31.Bf2 Rff6 32.Kf1 Ne7 33.Bh4 g5 34.Bf2 Kg6 35.Ke2 Kf5 36.g4+ fxg3
37.hxg3 h5 38.Rh8 Kg6 39.Be3 Rf7 40.g4 hxg4 41.Rxg4 Rf5 42.a4 Ref6 43.Rb8 Nd5
44.Bxg5 Re6 45.c4 Rxg5 46.Rg8+ Kf6 47.R8xg5 Nf4+ 48.Kd2 Rd6+ 49.Kc2 a5 50.Rg8 Ne6
51.Kc3 Rd1 52.Rb8 Rf1 53.Rxb6 Rxf3+ 54.Kd2 Kf5 55.Rg8 Nf4 56.Rb5 Ke4 57.Rxa5 Rf2+
58.Kc3 Ne2+ 59.Kb4 Nc1 60.Rb5 Rxb2+ 61.Kc5 Rc2 62.Kd6 Ne2 63.Rxe5+  1-0

[Event "TCh-ESP CECLUB Norte Div 1"]
[Site "Sabadell ESP"]
[Date "2007.08.18"]
[Round "5"]
[White "Mellado Trivino,J"]
[Black "Jansa,Vl"]
[Result "1-0"]
[WhiteElo "2389"]
[BlackElo "2494"]

1.e4 c5 2.c3 Nf6 3.e5 Nd5 4.d4 cxd4 5.Nf3 e6 6.cxd4 b6 7.Nc3 Nxc3 8.bxc3 Qc7
9.Be2 Qxc3+ 10.Bd2 Qa3 11.Rc1 Nc6 12.Rc3 Qe7 13.O-O h6 14.Qa4 Bb7 15.Rfc1 a6
16.d5 exd5 17.e6 fxe6 18.Rxc6 dxc6 19.Ne5 g6 20.Rxc6 b5 21.Qg4  1-0

[Event "17th Chess Festival"]
[Site "Abu Dhabi UAE"]
[Date "2007.08.19"]
[Round "8"]
[White "Ibrahim,I UAE"]
[Black "Saric,A"]
[Result "0-1"]
[WhiteElo "2165"]
[BlackElo "2499"]

1.e4 c5 2.c3 Nf6 3.e5 Nd5 4.d4 cxd4 5.Nf3 Nc6 6.Bc4 e6 7.cxd4 d6 8.O-O Be7
9.Qe2 O-O 10.a3 Qb6 11.Rd1 Na5 12.Nbd2 Bd7 13.exd6 Bxd6 14.Ne4 Nxc4 15.Qxc4 Rac8
16.Qd3 Ba4 17.Nxd6 Qxd6 18.Re1 Bc2 19.Qe2 Bg6 20.Ne5 Rc2 21.Bd2 Rfc8 22.Rac1 Qb6
23.Qg4 Qxb2 24.Rb1 Qxa3 25.Nxg6 hxg6 26.Rxb7 Qa6  0-1

[Event "20th Open"]
[Site "Panevezys LTU"]
[Date "2007.08.20"]
[Round "4"]
[White "Traczewski,W"]
[Black "Priednieks,E"]
[Result "0-1"]
[WhiteElo "1961"]
[BlackElo "2203"]

1.e4 c5 2.c3 Nf6 3.e5 Nd5 4.Nf3 Nc6 5.d4 cxd4 6.cxd4 d6 7.Bc4 Nb6 8.Bb5 a6
9.Bxc6+ bxc6 10.O-O Bg4 11.h3 Bh5 12.g4 Bg6 13.Nc3 e6 14.Bg5 Be7 15.Bxe7 Qxe7
16.exd6 Qxd6 17.Ne5 O-O 18.Nxg6 hxg6 19.Ne4 Qd5 20.Nc3 Qc4 21.Rc1 Rfd8 22.Qf3 Qb4
23.Qxc6 Rdc8 24.Qe4 Qxb2 25.Rb1 Qxc3 26.Rxb6 Qxh3 27.Rb3 Qh4 28.Kg2 Qg5 29.Rf3 Qd5
30.Qf4 f6 31.Qd2 Rc4 32.Rd1 Rd8 33.Kg3 Rxd4 34.Qxd4 Qxd4 35.Rxd4 Rxd4 36.Re3 Rd6
37.Kg2 g5 38.Rb3 Rc6 39.Ra3 Kf7 40.Ra5 Ke7 41.Kf3 Kd7 42.Ra3 Kc7 43.Ke3 Kb6
44.Rb3+ Kc7 45.Kd3 Rc5 46.Ra3 a5 47.Kd2 g6 48.Re3 Kd6 49.Ra3 Rb5 50.Ke2 Kc5
51.Ra4 Rb2+ 52.Kf3 Kb5 53.Rd4 Rxa2 54.Rd6 Ra3+ 55.Kg2 Ra4 56.f3 Rf4 57.Rxe6 a4
58.Re8 a3 59.Rb8+ Kc4 60.Rc8+ Kb3  0-1

[Event "Independence Cup A"]
[Site "Kyiv UKR"]
[Date "2007.08.21"]
[Round "9"]
[White "Onoprienko,V"]
[Black "Baryshpolets,A"]
[Result "0-1"]
[WhiteElo "2342"]
[BlackElo "2307"]

1.e4 c5 2.c3 Nf6 3.e5 Nd5 4.d4 cxd4 5.Nf3 Nc6 6.Bc4 e6 7.cxd4 d6 8.O-O Be7
9.exd6 Qxd6 10.Nc3 O-O 11.Qe2 b6 12.Rd1 Nxc3 13.bxc3 Bb7 14.Bd3 Rac8 15.Be3 Na5
16.Rac1 Bf6 17.Nd2 Rfd8 18.Ne4 Bxe4 19.Bxe4 Qa3 20.Qd3 g6 21.Rc2 Nc4 22.Bc1 Qa4
23.Bh6 Nd6 24.Re2 Rxc3 25.Qd2 Nxe4 26.Rxe4 Rc4 27.Be3 Rc2 28.Qe1 Qxa2 29.Rf4 Bg5
30.Ra1 Qd5  0-1

[Event "ch-Euro IBCA"]
[Site "Durham ENG"]
[Date "2007.08.22"]
[Round "8"]
[White "Eros,P"]
[Black "Hilton,S"]
[Result "1/2-1/2"]
[WhiteElo "2089"]
[BlackElo "1992"]

1.e4 c5 2.c3 Nf6 3.e5 Nd5 4.d4 cxd4 5.cxd4 e6 6.Nf3 d6 7.Nc3 Nxc3 8.bxc3 Qc7
9.Bd2 Nc6 10.exd6 Bxd6 11.Bd3 Bd7 12.O-O h6 13.Rb1 O-O 14.c4 Rad8 15.Qc1 Be7
16.Bxh6 gxh6 17.Qxh6 f5 18.Qg6+ Kh8  1/2-1/2

[Event "XIX Open"]
[Site "Porto San Giorgio ITA"]
[Date "2007.08.23"]
[Round "3"]
[White "Bontempi,P"]
[Black "Rotstein,A"]
[Result "1-0"]
[WhiteElo "2349"]
[BlackElo "2515"]

1.e4 c5 2.c3 Nf6 3.Bd3 Nc6 4.Nf3 d5 5.e5 c4 6.Bc2 Ng4 7.Ba4 Qc7 8.Qe2 Bd7
9.Bxc6 bxc6 10.h3 Nh6 11.b3 cxb3 12.axb3 Rb8 13.b4 c5 14.bxc5 Qxc5 15.O-O e6
16.Ba3 Qa5 17.Bxf8 Qxa1 18.Na3 Qa2 19.Bd6 Rb2 20.Qa6 Qb3 21.Bb4 Qa4 22.Qd6 Rxb4
23.cxb4 Qc6 24.Qb8+ Qc8 25.Qxa7 O-O 26.b5 Nf5 27.b6 h5 28.Rb1 h4 29.b7 Qb8
30.Qb6 g6 31.Nc2  1-0

[Event "1st Serbian League Women"]
[Site "Zlatibor SRB"]
[Date "2007.08.23"]
[Round "3"]
[White "Bojkovic,N"]
[Black "Chelushkina,I"]
[Result "1-0"]
[WhiteElo "2423"]
[BlackElo "2340"]

1.e4 c5 2.c3 Nf6 3.e5 Nd5 4.d4 cxd4 5.Nf3 e6 6.cxd4 d6 7.Bc4 Be7 8.O-O Nb6
9.Bd3 Nc6 10.Nc3 d5 11.a3 a6 12.Ne2 Bd7 13.Nf4 g6 14.Be3 Na5 15.b3 Rc8 16.h3 Na8
17.a4 Qb6 18.Rb1 Nc6 19.h4 Nb4 20.Rb2 a5 21.Bb1 Qa6 22.Nd3 b5 23.Bg5 Nc6
24.Bxe7 Nxe7 25.Nc5 Qa7 26.Bd3 bxa4 27.bxa4 Nb6 28.Qd2 Bc6 29.Qh6 Nxa4 30.Nxa4 Bxa4
31.Qg7 Rg8 32.Qxh7 Bc6 33.Qh6 a4 34.Qf4 a3 35.Ra2 Rb8 36.Rfa1 Rb3 37.Qd2 Nf5
38.Bxf5 gxf5 39.Qc1 Rxf3 40.Qxc6+ Qd7 41.Qa8+ Qd8 42.Rxa3 Rxa3 43.Rxa3  1-0